Anagrams of European Cities - Updated - Statistics

General Stats
  • This quiz has been taken 34 times
  • The average score is 10 of 15
Answer Stats
Hint Answer % Correct
Troop Porto
94%
Avenge Geneva
85%
Linus IV Vilnius
85%
A Purge Prague
82%
Smart Dame Amsterdam
79%
Safe BLT Belfast
76%
Poorville Liverpool
73%
Sod Sea Odessa
73%
Mock Sloth Stockholm
73%
Bear Clone Barcelona
70%
Sure Batch Bucharest
64%
Warp Ten Antwerp
55%
Real Mop Palermo
42%
Real Smile Marseille
33%
Silky Boat Bialystok
6%
No matching quizzes found
Score Distribution
Percent of People with Each Score
Percentile by Number Answered
Your Score History
You have not taken this quiz